[Event "TCh-YUG Final"]
[Site "Herceg Novi YUG"]
[Date "2001.05.26"]
[Round "1.2"]
[White "Solak,D"]
[Black "Paunovic,D"]
[Result "0-1"]
[WhiteElo "2513"]
[BlackElo "2467"]

1.e4 c5 2.Nf3 e6 3.d4 cxd4 4.Nxd4 a6 5.Nc3 Qc7 6.g3 Nf6 7.Bg2 Be7 8.O-O d6
9.f4 O-O 10.Be3 Nc6 11.a4 Re8 12.Kh1 Rb8 13.e5 dxe5 14.fxe5 Nxe5 15.Bf4 Nfd7
16.Nf3 f6 17.Qe2 g5 18.Nxe5 Nxe5 19.Bxe5 Qxe5 20.Qxe5 fxe5 21.Rae1 Rf8 22.Rxf8+ Kxf8
23.Rxe5 h6 24.Re3 Bd7 25.Rd3 Ke8 26.Bf3 b5 27.axb5 axb5 28.Ne4 b4 29.Nd6+ Bxd6
30.Rxd6 Ke7 31.Ra6 Rc8 32.Be4 Rc4 33.Bd3 Rd4 34.b3 e5 35.Rxh6 e4 36.Bc4 Rd2
37.h4 e3 38.Kg1 g4 39.h5 Bf5 40.Rb6 Rd1+ 41.Kh2 e2 42.Bxe2 Rd2 43.Rxb4 Rxe2+
44.Kg1 Rxc2 45.h6 Kf6 46.Rb7 Rc8 47.Kf2 Kg5 48.h7 Rh8 49.Rg7+ Kf6 50.Rc7 Rxh7
51.Rc6+ Kg5 52.Ke3 Rh3 53.Kf2 Rh2+ 54.Kg1 Rb2 55.Rc3 Be6 56.Rc5+ Kf6 57.Ra5 Rxb3
58.Kf2 Rb2+ 59.Kg1 Rd2 60.Ra4 Ke5 61.Rb4 Rd4 62.Rb8 Bd5 63.Re8+ Kd6 64.Re2 Rd3
65.Kh2 Rd1 66.Re6+ Bxe6  0-1

[Event "Master Open"]
[Site "Lausanne SUI"]
[Date "2001.05.26"]
[Round "7"]
[White "Kotsur,P"]
[Black "Ghaem Maghami,E"]
[Result "1-0"]
[WhiteElo "2576"]
[BlackElo "2500"]

1.e4 c5 2.Nc3 e6 3.Nf3 a6 4.d4 cxd4 5.Nxd4 b5 6.Bd3 Qb6 7.Nb3 Qc7 8.f4 Bb7
9.O-O b4 10.Nb1 Nf6 11.Qe2 Be7 12.N1d2 d6 13.e5 Nd5 14.Nc4 Nc6 15.exd6 Bxd6
16.Nxd6+ Qxd6 17.Qf2 O-O 18.Nc5 Bc8 19.a3 e5 20.axb4 Ndxb4 21.Be4 f5 22.fxe5 Qxe5
23.c3 Nd5 24.Bf3 f4 25.Re1 Qg5 26.Ne4 Qg6 27.Qc5 Nde7 28.Qd6 Qxd6 29.Nxd6 Bd7
30.Nb7 a5 31.Nc5 Rad8 32.Rd1 Bc8 33.Rxd8 Rxd8 34.Bxf4 h6 35.Bc7 Rd2 36.b3 Rc2
37.c4 Nd4 38.Bd1 Rb2 39.Bxa5 Nef5 40.Nd3 Nxb3 41.Bc3 Rxg2+ 42.Kxg2 Nxa1 43.Kf2 Nd6
44.Bxa1  1-0

[Event "Open"]
[Site "Pula CRO"]
[Date "2001.05.26"]
[Round "9"]
[White "Furlan,M"]
[Black "Hulak,K"]
[Result "1/2-1/2"]
[WhiteElo "2326"]
[BlackElo "2564"]

1.e4 c5 2.Nf3 e6 3.d4 cxd4 4.Nxd4 a6 5.Nc3 d6 6.Be3 b5 7.Qd2 Bb7 8.f3 Nd7
9.a4 bxa4 10.Rxa4 Ngf6 11.Be2 Be7 12.O-O O-O  1/2-1/2

[Event "XXVI Elekes Mem GM"]
[Site "Budapest HUN"]
[Date "2001.05.31"]
[Round "11"]
[White "Szieberth,A"]
[Black "Horvath,Jo"]
[Result "1/2-1/2"]
[WhiteElo "2389"]
[BlackElo "2551"]

1.e4 c5 2.Nf3 e6 3.d4 cxd4 4.Nxd4 a6 5.Nc3 b5 6.Bd3 Qb6 7.Be3 Bc5 8.e5 Bxd4
9.Qg4 Nc6 10.Qxg7 Bxe5 11.Qxe5 Nxe5 12.Bxb6 Bb7 13.Ne4 Bxe4 14.Bxe4 d5 15.Bd4 f6
16.Bxe5 fxe5 17.Bd3 e4 18.Be2 Nf6 19.c3 Ke7 20.Kd2 e5 21.Rhc1 Nd7 22.Ke3 Nb6
23.Rc2 Rac8 24.Rd2 Rc5 25.f3 exf3 26.gxf3 Rg8 27.Bd3 h6 28.Rf2 Kd6 29.Rd1 Rc7
30.Rdd2 Rcg7 31.f4 e4 32.Bf1 Rg1 33.b3 Rc8 34.Rc2 Re8 35.Bh3 a5 36.Rg2 Rxg2
37.Rxg2 b4 38.cxb4 axb4 39.Kd4 e3 40.Rg6+ Kc7 41.Rg7+ Kc6 42.Rg6+ Kc7 43.Rg7+ Kc6  1/2-1/2

[Event "2nd IECC"]
[Site "Ohrid MKD"]
[Date "2001.06.01"]
[Round "1"]
[White "Trkaljanov,V"]
[Black "Galego,L"]
[Result "0-1"]
[WhiteElo "2249"]
[BlackElo "2429"]

1.e4 c5 2.Nf3 e6 3.d4 cxd4 4.Nxd4 a6 5.Nc3 Qc7 6.Bd3 Nf6 7.Be3 Bc5 8.O-O d6
9.Qe2 Bd7 10.a4 Qb6 11.a5 Qa7 12.Nb3 Bxe3 13.fxe3 Bc6 14.Qf3 Nbd7 15.Qg3 Ke7
16.Rad1 h5 17.Bc4 e5 18.Rd3 h4 19.Qxg7 Raf8 20.Rfd1 Rh7 21.Qg5 Rg8 22.Qf5 Rhg7
23.R1d2 Rg4 24.Bd5 Nc5 25.Nxc5 Qxc5 26.Bxc6 bxc6 27.h3 Rf4  0-1

[Event "IX Guillermo Garcia Mem"]
[Site "Santa Clara CUB"]
[Date "2001.06.01"]
[Round "8"]
[White "Arribas,M"]
[Black "Gongora,M"]
[Result "0-1"]
[WhiteElo "2325"]
[BlackElo "2417"]

1.e4 c5 2.Nf3 e6 3.Nc3 a6 4.d4 cxd4 5.Nxd4 Qc7 6.Bd3 Nc6 7.Nxc6 Qxc6 8.O-O b5
9.Qe2 Bb7 10.Kh1 Nf6 11.a3 h5 12.Bg5 h4 13.Bxf6 gxf6 14.h3 Qc5 15.f4 Qh5
16.Qxh5 Rxh5 17.f5 Rh6 18.a4 b4 19.Ne2 Bd6 20.a5 Ke7 21.c3 Rg8 22.Nd4 Rhh8
23.cxb4 Bxb4 24.Nc2 Bd6 25.b4 Rg3 26.Rad1 Rhg8 27.Rf2 Be5 28.Ne1 Bc3 29.Nf3 Bc6
30.Nxh4 Bxb4 31.Re2 Ba4 32.Rb1 Rxd3 33.Rxb4 Bb5 34.Ra2 Rc8 35.Nf3 e5 36.Kh2 Re3
37.h4 Rc4 38.Rxb5 axb5 39.a6 Rc8 40.a7 Ra8 41.Nd2 Re2 42.Kg1 b4 43.Kf1 b3
44.Rb2 Re3 45.Nc4 Rc3 46.Nb6 Rc1+ 47.Ke2 Rxa7 48.Rxb3 Kf8 49.Nd5 Ra2+ 50.Kf3 Kg7
51.g3 Re1 52.Ne3 Ra4 53.Rc3 Rd4 54.Ra3 d5 55.Nc2 dxe4+ 56.Kf2 Rb1 57.Nxd4 exd4
58.Ra4 e3+ 59.Kf3 Rf1+ 60.Ke2 Rf2+ 61.Ke1 d3 62.Rd4 d2+ 63.Kd1 Rf1+ 64.Ke2 Re1+  0-1

[Event "FSFM June"]
[Site "Budapest HUN"]
[Date "2001.06.02"]
[Round "1"]
[White "Berczes,D"]
[Black "Bacsi,A"]
[Result "1/2-1/2"]
[WhiteElo "2176"]
[BlackElo "2131"]

1.e4 c5 2.Nf3 e6 3.d4 cxd4 4.Nxd4 a6 5.Nc3 Qc7 6.Be2 b5 7.O-O Bb7 8.Re1 d6
9.Bg4 Nf6 10.Bh3 Nbd7 11.Bg5 e5 12.Bxd7+ Nxd7 13.Nf5 f6 14.Nd5 Bxd5 15.Qxd5 O-O-O
16.Bd2 Nb6 17.Qe6+ Qd7 18.Qxd7+ Rxd7 19.Ne3 d5 20.exd5 Nxd5 21.Nxd5 Rxd5
22.Be3 Bc5 23.Bxc5 Rxc5 24.c3 Rd8 25.Re2 Rcd5 26.Rae1 Rd1 27.Kf1 Rxe1+  1/2-1/2

[Event "2nd IECC"]
[Site "Ohrid MKD"]
[Date "2001.06.02"]
[Round "2"]
[White "Galego,L"]
[Black "Epishin,V"]
[Result "1/2-1/2"]
[WhiteElo "2429"]
[BlackElo "2579"]

1.e4 c5 2.Nf3 e6 3.Nc3 a6 4.d4 cxd4 5.Nxd4 b5 6.Bd3 Qb6 7.Be3 Bc5 8.Be2 Bb7
9.a4 Nc6 10.a5 Qa7 11.Ndxb5 axb5 12.Nxb5 Bxe3 13.Nxa7 Bxa7 14.a6 Bc8 15.O-O Rb8
16.Ra4 Nge7 17.b3 O-O 18.Qd6 f5 19.Bd3 Ra8 20.exf5 Nxf5 21.Bxf5 Rxf5 22.Kh1 Rf8
23.f4 Bb8 24.Qd3 Rxa6 25.Rxa6 Nb4 26.Qd2  1/2-1/2

[Event "2nd IECC"]
[Site "Ohrid MKD"]
[Date "2001.06.02"]
[Round "2"]
[White "Rechlis,G"]
[Black "Stamenkov,V"]
[Result "1-0"]
[WhiteElo "2525"]
[BlackElo "2380"]

1.e4 c5 2.Nf3 e6 3.d4 cxd4 4.Nxd4 a6 5.Nc3 b5 6.Bd3 Qb6 7.Nb3 Qc7 8.O-O Nf6
9.Re1 Bb7 10.e5 b4 11.exf6 bxc3 12.fxg7 Bxg7 13.Rb1 Be5 14.Qh5 cxb2 15.Bxb2 Bxb2
16.Rxb2 Rg8 17.g3 Qc3 18.Rbb1 Qf6 19.Nd2 Bc6 20.Qc5 Qe7 21.Qb6 Kf8 22.Bxh7 Rh8
23.Bd3 f5 24.Bxf5 Qf6 25.Be4 Qh6 26.Nf3 Bxe4 27.Rxe4 Nc6 28.Qc5+ Ke8 29.Rxe6+ Qxe6
30.Re1 Qxe1+ 31.Nxe1 Rb8 32.Nd3 Rb5 33.Qd6 Rhh5 34.Kg2 Ra5 35.h4 Rhd5 36.Qg6+ Kd8
37.Nf4 Re5 38.h5 Rg5 39.Qd6 Ne7 40.Ne6+  1-0

[Event "2nd SUFE Cup Rapid"]
[Site "Shanghai CHN"]
[Date "2001.06.02"]
[Round "7"]
[White "Wang Pin"]
[Black "Ioseliani,N"]
[Result "1-0"]
[WhiteElo "2504"]
[BlackElo "2499"]

1.e4 c5 2.Nf3 e6 3.d4 cxd4 4.Nxd4 a6 5.Nc3 Nc6 6.Be2 d6 7.O-O Nf6 8.Be3 Be7
9.f4 Qc7 10.a4 O-O 11.Kh1 Re8 12.Bg1 Nxd4 13.Qxd4 e5 14.Qd3 exf4 15.Rxf4 Be6
16.Raf1 Rac8 17.Qg3 Nd7 18.Bd4 Ne5 19.Bd3 Bf8 20.Nd5 Bxd5 21.exd5 Nxd3 22.cxd3 Re7
23.Bf6 Re2 24.h4 Rce8 25.Bd4 Qe7 26.R1f3 Rc2 27.Kh2 g6 28.Rxf7 Qxf7 29.Rxf7 Kxf7
30.Qf4+ Ke7 31.Qg4 Kf7 32.Qf4+ Ke7 33.Qf6+ Kd7 34.Qf7+ Be7 35.Qxh7 Rf8 36.Qxg6 Rf4
37.Qe6+ Ke8 38.Bc3 Rff2 39.Qg6+ Kd7 40.h5 Rxg2+ 41.Qxg2 Rxg2+ 42.Kxg2 Bg5
43.Kf3 Ke7 44.Kg4 Bh6 45.Kf5 Kf7 46.Bb4 Bf8 47.b3 b6 48.Ba3 b5 49.axb5 axb5
50.Bb4  1-0

[Event "FSIM June"]
[Site "Budapest HUN"]
[Date "2001.06.04"]
[Round "3"]
[White "Castaneda,N"]
[Black "Nemeth,Z"]
[Result "1/2-1/2"]
[WhiteElo "2341"]
[BlackElo "2319"]

1.e4 c5 2.Nf3 e6 3.Nc3 a6 4.d4 cxd4 5.Nxd4 b5 6.Bd3 Qb6 7.Nb3 Qc7 8.O-O Bb7
9.Bg5 Bd6 10.Qh5 h6 11.f4 b4 12.Ne2 Nc6 13.f5 Bxh2+ 14.Kh1 Be5 15.fxe6 dxe6
16.Bf4 Nf6 17.Qh3 Bxf4 18.Nxf4 Qe5 19.a3 bxa3 20.Rxa3 O-O 21.Nd2 a5 22.Nc4 Qc5
23.Nxe6 fxe6 24.Qxe6+ Kh8 25.Nd6 Qh5+ 26.Qh3 Qxh3+ 27.gxh3 Ba6 28.Rc3 Ne5
29.Rf5 Rfd8 30.Rxe5 Rxd6 31.Rxa5 Ne8 32.Kh2 Bb7 33.Rxa8 Bxa8 34.Rc8 Bc6 35.b4 Bd7
36.Rd8 Bc6 37.Rc8 Bd7 38.Rb8 Rc6 39.Rd8 Rc7 40.e5 g5 41.e6 Ba4 42.b5 Re7
43.Ra8 Bxc2 44.Bxc2 Rxe6 45.Bf5 Re2+ 46.Kg3 Kg7 47.Ra6 Rb2 48.Rg6+ Kf7 49.b6 Nf6
50.Rxh6 Rxb6 51.Rh8 Rb5 52.Bc2 Rc5 53.Bd1 Rc3+ 54.Kg2 Nd5 55.Bg4 Nf4+ 56.Kh2 Rc2+
57.Kg3 Rg2+ 58.Kf3 Rb2 59.Ke4 Rb4+ 60.Kf5 Rb5+  1/2-1/2

[Event "2nd IECC"]
[Site "Ohrid MKD"]
[Date "2001.06.04"]
[Round "4"]
[White "Asrian,K"]
[Black "Belotti,B"]
[Result "1-0"]
[WhiteElo "2582"]
[BlackElo "2440"]

1.e4 c5 2.Nf3 e6 3.d4 cxd4 4.Nxd4 a6 5.Nc3 b5 6.Bd3 Qb6 7.Be3 Bc5 8.Be2 Bb7
9.a4 Nc6 10.a5 Qa7 11.Ndxb5 axb5 12.Nxb5 Bxe3 13.Nxa7 Bxa7 14.c3 Nf6 15.f3 Rc8
16.b4 Ne5 17.b5 Bc5 18.Qb3 Ba8 19.b6 Bc6 20.a6 O-O 21.a7 Ra8 22.Ra5 d6 23.Rxc5 dxc5
24.b7 Bxb7 25.Qxb7 Rfc8 26.O-O Nc6 27.Ra1 Kf8 28.Bb5 Nd8 29.Qb6  1-0

[Event "2nd IECC"]
[Site "Ohrid MKD"]
[Date "2001.06.04"]
[Round "4"]
[White "Petkovski,V"]
[Black "Vasovski,N"]
[Result "1/2-1/2"]
[WhiteElo "2265"]
[BlackElo "2359"]

1.e4 c5 2.Nf3 e6 3.Nc3 a6 4.d4 cxd4 5.Nxd4 b5 6.a3 Bb7 7.Bd3 Qc7 8.O-O Nf6
9.Kh1 Be7 10.f4 d6 11.Qf3 O-O 12.Bd2 Nbd7  1/2-1/2

[Event "2nd IECC"]
[Site "Ohrid MKD"]
[Date "2001.06.04"]
[Round "4"]
[White "Zelcic,R"]
[Black "Ulker,A"]
[Result "1-0"]
[WhiteElo "2503"]
[BlackElo "2332"]

1.e4 c5 2.Nf3 e6 3.d4 cxd4 4.Nxd4 a6 5.Nc3 Qc7 6.Be2 Nc6 7.O-O Nf6 8.Kh1 Bb4
9.Bg5 Bxc3 10.Bxf6 gxf6 11.bxc3 d6 12.f4 Bd7 13.Bh5 Rg8 14.f5 e5 15.Ne6 Bxe6
16.fxe6 O-O-O 17.exf7 Rgf8 18.Rxf6 Na5 19.Qd3 Kb8 20.Raf1 Nc4 21.h3 Nb2 22.Qe3 Na4
23.Re6 Qxc3 24.Qxc3 Nxc3 25.Re8 Kc7 26.Rf6 Nxe4 27.Rfe6 Nc5 28.R6e7+ Nd7
29.Rxf8  1-0

[Event "IHEM"]
[Site "Hamburg GER"]
[Date "2001.06.05"]
[Round "4"]
[White "Breyther,R"]
[Black "Farago,I"]
[Result "0-1"]
[WhiteElo "2363"]
[BlackElo "2485"]

1.e4 c5 2.Nf3 e6 3.d4 cxd4 4.Nxd4 a6 5.Nc3 Qc7 6.Bd3 Nc6 7.Be3 Nf6 8.O-O Ne5
9.h3 Bc5 10.Kh1 d6 11.f4 Ng6 12.Qe1 Bd7 13.Rd1 O-O 14.f5 Ne5 15.Qh4 Rae8
16.g4 Bc6 17.Nxc6 Qxc6 18.Bxc5 Qxc5 19.g5 Nfd7 20.f6 Ng6 21.Qg3 Qe5 22.Qxe5 Ndxe5
23.Be2 Rd8 24.Rd2 Rd7 25.Rfd1 Rfd8 26.Kh2 h6 27.gxh6 gxf6 28.Rf1 Kh7 29.Rxf6 Kxh6
30.Rf1 Kg7 31.Bd3 Rh8 32.Rg2 Kf8 33.Ne2 Ke7 34.Nd4 Rdd8 35.Rg3 Rh4 36.Nf3 Nxf3+
37.Rgxf3 Ne5 38.Rf4 Rh6 39.R1f2 Rdh8 40.Bf1 R6h7 41.c4 Rh4 42.Kg3 R4h6 43.Kh2 R8h7
44.b4 Nd3 45.Bxd3 Rxh3+ 46.Kg2 Rxd3 47.c5 Rg7+ 48.Kf1 dxc5 49.bxc5 Rd1+  0-1

[Event "2nd IECC"]
[Site "Ohrid MKD"]
[Date "2001.06.05"]
[Round "5"]
[White "Stojanovski,D"]
[Black "Chuchelov,V"]
[Result "1-0"]
[WhiteElo "2351"]
[BlackElo "2550"]

1.e4 c5 2.Nf3 e6 3.d4 cxd4 4.Nxd4 a6 5.Nc3 Qc7 6.Bd3 Nf6 7.O-O Bc5 8.Nb3 Be7
9.f4 d6 10.Qf3 Nbd7 11.Bd2 b6 12.Qg3 g6 13.Rae1 Bb7 14.a4 h6 15.e5 Nh5 16.Qf2 dxe5
17.fxe5 Nxe5 18.Nb5 axb5 19.Bxb5+ Nd7 20.Qxf7+ Kd8 21.Qxe6 Qd6 22.Bc3 Qxe6
23.Rxe6 Rf8 24.Rd1 Bc8 25.Rxb6 Nf6 26.Re6 Ra7 27.Ba5+ Rxa5 28.Nxa5 Bc5+ 29.Kf1 Ng4+
30.Ke2 Rf2+ 31.Kd3 Rxg2 32.Kc3 Rxh2 33.Nb7+ Kc7 34.Nxc5 Nxc5 35.Rc6+ Kb7
36.Rxc5 Nf2 37.Re1 Bf5 38.Re7+ Kb8 39.Rcc7 Ne4+ 40.Kb3 Nd2+ 41.Kb4 Rh4+ 42.c4  1-0

[Event "2nd IECC"]
[Site "Ohrid MKD"]
[Date "2001.06.06"]
[Round "6"]
[White "Trkaljanov,V"]
[Black "Petkovski,V"]
[Result "0-1"]
[WhiteElo "2249"]
[BlackElo "2265"]

1.e4 c5 2.Nf3 e6 3.d4 cxd4 4.Nxd4 a6 5.Nc3 b5 6.Bd3 Qb6 7.Be3 Bc5 8.Qg4 Bxd4
9.e5 Nc6 10.Qxg7 Bxe3 11.Qxh8 Bxf2+ 12.Kd1 Ne7 13.Ne4 Bb7 14.Nd6+ Kd8 15.Qg7 Bd5
16.Rf1 Kc7 17.Qg5 Be3 18.Qg3 Bc5 19.Nxf7 h5 20.h4 Qc6 21.Rf4 Rf8 22.Rc1 Nf5
23.Bxf5 Rxf7 24.b4 Bf8 25.Qxg8 exf5 26.a4 Bh6 27.axb5 axb5 28.Ra1 Rf8 29.Qg3 Bxf4
30.Qxf4 Kb7 31.Ra5 Bxg2 32.Qd4 Bf3+ 33.Kd2 Ra8 34.e6 Rxa5  0-1

[Event "2nd IECC"]
[Site "Ohrid MKD"]
[Date "2001.06.07"]
[Round "7"]
[White "Nisipeanu,LD"]
[Black "Rublevsky,S"]
[Result "1-0"]
[WhiteElo "2596"]
[BlackElo "2657"]

1.e4 c5 2.Nf3 e6 3.Nc3 a6 4.d4 cxd4 5.Nxd4 Qc7 6.Be2 b5 7.O-O Bb7 8.Re1 Nc6
9.Bf3 Bd6 10.g3 Nxd4 11.Qxd4 Be5 12.Qd3 Nf6 13.Bg2 Rc8 14.a3 O-O 15.Bd2 Rfd8
16.f4 Bxc3 17.Qxc3 Qd6 18.Qb4 Qxb4 19.axb4 Rxc2 20.Bc3 d5 21.Bf3 Nxe4 22.Bd1 Rxc3
23.bxc3 Nxc3 24.Bf3 g6 25.Rec1 Rc8 26.Kf1 Rc7 27.Ra3 d4 28.Bxb7 Rxb7 29.Rxa6 Rc7
30.Rb6 Kg7 31.Ke1 Ra7 32.Kd2 Ra3 33.Re1 Kf6 34.Rb7 Rb3 35.g4 Nd5 36.g5+ Kf5
37.Rxf7+ Kg4 38.Rg1+  1-0

[Event "2nd IECC"]
[Site "Ohrid MKD"]
[Date "2001.06.07"]
[Round "7"]
[White "Petkovski,V"]
[Black "Ulker,A"]
[Result "1-0"]
[WhiteElo "2265"]
[BlackElo "2332"]

1.e4 c5 2.Nf3 e6 3.d4 cxd4 4.Nxd4 a6 5.Nc3 Qc7 6.Bd3 Nc6 7.Nb3 Nf6 8.O-O b5
9.a3 Bb7 10.f4 d6 11.Qf3 Be7 12.Kh1 O-O 13.Bd2 Nd7 14.Qh3 g6 15.f5 Nd8 16.Nd4 Bf6
17.Nf3 exf5 18.exf5 Ne5 19.Ne4 Bh8 20.Neg5 f6 21.Nxe5 dxe5 22.fxg6 fxg5 23.gxh7+ Kg7
24.Bxg5 Rxf1+ 25.Rxf1 Nf7 26.Bh6+ Nxh6 27.Qg3+ Ng4 28.Qxg4+ Kh6 29.Qg6+  1-0

[Event "FSIM June"]
[Site "Budapest HUN"]
[Date "2001.06.08"]
[Round "7"]
[White "Jamrich,G"]
[Black "Nemeth,Z"]
[Result "0-1"]
[WhiteElo "2271"]
[BlackElo "2319"]

1.e4 c5 2.Nf3 e6 3.d4 cxd4 4.Nxd4 a6 5.Nc3 b5 6.Bd3 Qb6 7.Nb3 Qc7 8.O-O Bb7
9.Qe2 Nf6 10.a3 d5 11.e5 Nfd7 12.f4 Nc5 13.Nxc5 Bxc5+ 14.Kh1 Nc6 15.Bd2 g6
16.Rae1 h5 17.Qd1 Qb6 18.f5 gxf5 19.Bxf5 O-O-O 20.Bh3 Bd4 21.Bg5 Rd7 22.Bf6 Bxc3
23.Bxh8 Bxe1 24.Rxe1 Qd4 25.Qc1 Qc4 26.Bf6 d4 27.Qd1 Kc7 28.Bg5 Kc8 29.Qd3 Qxd3
30.cxd3 Rd5 31.Bf4 Ne7 32.Kg1 Rc5 33.g3 Ng6 34.Re2 Kd7 35.Bg2 Nxf4 36.gxf4 Rc1+
37.Bf1 Rd1 38.Rc2 Bd5 39.h4 Ba2 40.Rg2 Bb1 41.Rg3 a5 42.b4 a4 43.Kf2 Rd2+
44.Ke1 Ra2 45.Kd1 Rxa3 46.Kc1 Rb3 47.Be2 a3  0-1

[Event "2nd IECC"]
[Site "Ohrid MKD"]
[Date "2001.06.09"]
[Round "8"]
[White "Iordachescu,V"]
[Black "Cvitan,O"]
[Result "1-0"]
[WhiteElo "2589"]
[BlackElo "2526"]

1.e4 c5 2.Nf3 e6 3.d4 cxd4 4.Nxd4 a6 5.Nc3 d6 6.Bd3 Nf6 7.f4 Nbd7 8.Qf3 g6
9.Be3 e5 10.Nb3 exf4 11.Bxf4 Nh5 12.Bc4 Nxf4 13.Qxf4 Qf6 14.Qxf6 Nxf6 15.O-O Be7
16.Nd5 Nxd5 17.Bxd5 Rf8 18.Na5 Rb8 19.Rf3 Bd8 20.Nc4 Ke7 21.a4 Bc7 22.a5 Bd7
23.Rb1 f6 24.b4 Bb5 25.Ra1 b6 26.axb6 Bxb6+ 27.Nxb6 Rxb6 28.Rc3 Rd8 29.Rc7+ Rd7
30.Rc8 Rd8 31.Rc7+ Rd7 32.Rc8 Rd8 33.Rxd8 Kxd8 34.Kf2 Bc6 35.c3 f5 36.Bc4 Bb5
37.Bxb5 axb5 38.exf5 gxf5 39.Ra8+ Ke7 40.Rh8 Rc6 41.Rxh7+ Ke6 42.Rh3 Rc4
43.Re3+ Kf6 44.Rd3 Ke5 45.Ke3 Rc8 46.Kd2 Ra8 47.Re3+ Kd5 48.Kd3 f4 49.Rf3 Rg8
50.Rf2 Rg7 51.Ke2 Ke4 52.Kf1 Ra7 53.Rd2 Ke3 54.Rd1 Ra3 55.Re1+ Kd3 56.Kf2 Rxc3
57.h4 d5 58.h5 d4 59.h6 Rc8 60.Kf3 Rh8 61.Rh1 Kc2 62.Kxf4 d3 63.g4 d2 64.g5 d1=Q
65.Rxd1 Kxd1 66.Kg4 Ke2 67.Kh5 Kf3 68.g6 Kf4 69.g7 Rd8 70.h7  1-0

[Event "2nd IECC"]
[Site "Ohrid MKD"]
[Date "2001.06.09"]
[Round "8"]
[White "Bezgodov,A"]
[Black "Cao,S"]
[Result "1-0"]
[WhiteElo "2543"]
[BlackElo "2488"]

1.e4 c5 2.Nf3 e6 3.d4 cxd4 4.Nxd4 a6 5.Nc3 Qc7 6.Be2 Nf6 7.O-O Be7 8.f4 d6
9.Be3 O-O 10.g4 Nc6 11.g5 Ne8 12.f5 Bd7 13.Bg4 Nxd4 14.Qxd4 Rc8 15.Rf2 Qd8
16.h4 b5 17.a4 Rc4 18.Qd3 d5 19.axb5 axb5 20.b3 dxe4 21.Nxe4 Rxe4 22.Qxe4 Nd6
23.Qd3 exf5 24.Bf3 Ne4 25.Bxe4 fxe4 26.Qxe4 Be6 27.Qe5 Qd7 28.Bc5 Bxc5 29.Qxc5 Rc8
30.Qe5 Bd5 31.Kh2 Re8 32.Qf4 Qe6 33.h5 Qc6 34.Rd1 Be6 35.Rd6 Qc7 36.h6 f5
37.gxf6 g6 38.f7+ Qxf7 39.Qxf7+ Bxf7 40.Rd7 Rf8 41.c4  1-0

[Event "White Nights"]
[Site "St Petersburg RUS"]
[Date "2001.06.09"]
[Round "1"]
[White "Rogovoi,M"]
[Black "Kuporosov,V"]
[Result "1/2-1/2"]
[WhiteElo "2240"]
[BlackElo "2466"]

1.e4 c5 2.Nf3 e6 3.d4 cxd4 4.Nxd4 a6 5.Nc3 Qc7 6.Be2 Nf6 7.O-O Nc6 8.Kh1 Be7
9.f4 d6 10.a4 O-O 11.Be3 Bd7 12.Nb3 b6 13.Bf3 Rfd8 14.g4 Be8 15.g5 Nd7 16.Bg2 Nc5
17.f5 Nxb3 18.cxb3 Ne5 19.fxe6 fxe6 20.Bh3 Bd7 21.Qd4 Rab8 22.Bf4 Nf7  1/2-1/2

[Event "2nd IECC"]
[Site "Ohrid MKD"]
[Date "2001.06.10"]
[Round "9"]
[White "Kiroski,T"]
[Black "Ulker,A"]
[Result "1/2-1/2"]
[WhiteElo "2403"]
[BlackElo "2332"]

1.e4 c5 2.Nf3 e6 3.d4 cxd4 4.Nxd4 a6 5.Nc3 Qc7 6.Bd3 Nc6 7.Be3 Nf6 8.O-O Ne5
9.Be2 d6 10.f4 Nc4 11.Bxc4 Qxc4 12.Qf3 Qc7 13.f5 e5 14.Nde2 b5 15.a3 h6 16.Ng3 Bb7
17.Nh5 Nxh5 18.Qxh5 Be7 19.Rad1 Bf6 20.Rf2 Ke7 21.Nd5+ Bxd5 22.Rxd5 Rhd8
23.Rfd2 Rac8 24.Qg4 Qc4 25.Bb6 Rd7 26.Ba5 Bg5 27.Re2 Qa4 28.Bb4 Rxc2 29.Rxe5+ Kd8
30.Rd5 Rc1+ 31.Re1 Rxe1+ 32.Bxe1 Be3+ 33.Bf2 Bxf2+ 34.Kxf2 Qc2+ 35.Qe2 Qxe2+
36.Kxe2 f6 37.Rd3 Kc7 38.Rg3 Kc6 39.Rc3+ Kb7 40.Rg3 Kc6 41.Rc3+ Kb7 42.Re3 Kc6
43.Kd3 Re7 44.Kd4 Re5 45.Rc3+ Kd7 46.Rg3 Re7 47.a4 bxa4 48.Ra3 Re5 49.Rxa4 a5
50.b4 axb4 51.Rxb4 Kc6 52.Ra4 d5 53.Ra6+ Kb7 54.Re6 Rxe4+ 55.Kxd5 Rg4 56.Re2 Kb6
57.Rb2+ Kc7 58.Ke6 Rg5 59.g3 Rg4 60.Rb3 h5 61.Rf3 Kd8 62.Kf7 Kd7 63.Rf4 Rg5
64.Rd4+ Kc7 65.Ke6 Kc8 66.Ra4 Kb7 67.Rc4 Kb8 68.Rb4+ Kc7 69.Ra4 Kb7 70.Rd4 Kc7
71.Rd7+ Kc8 72.Ra7 Kd8 73.Ra8+ Kc7 74.Rh8 Kc6 75.Rc8+ Kb7 76.Rc4 Kb6 77.Rc2 Kb7
78.Rg2 Kc6 79.Rf2 Kc5 80.Rf4 Kc6 81.Rc4+ Kb7 82.Rh4 Kc6 83.h3 Rxg3 84.Rxh5 Kc5
85.Rh4 Re3+ 86.Kf7 Kd5 87.Rh8 Rg3 88.Re8 Rg5 89.h4 Rxf5 90.Kxg7 Rh5  1/2-1/2

[Event "2nd IECC"]
[Site "Ohrid MKD"]
[Date "2001.06.11"]
[Round "10"]
[White "Nisipeanu,LD"]
[Black "Galego,L"]
[Result "1/2-1/2"]
[WhiteElo "2596"]
[BlackElo "2429"]

1.e4 c5 2.Nf3 e6 3.Nc3 a6 4.d4 cxd4 5.Nxd4 Qc7 6.Be2 b5 7.O-O Bb7 8.Re1 Nc6
9.Bf1 Nxd4 10.Qxd4 Rc8 11.Be3 Bd6 12.Qxg7 Bxh2+ 13.Kh1 Be5 14.Qg5 h6 15.Qh4 Ne7
16.Rad1 h5 17.Bd4 Ng6 18.Qg5 Bxd4 19.Rxd4 Qc5 20.Qxc5 Rxc5 21.a4 Bc6 22.axb5 axb5
23.Ra1 Ke7 24.Rb4 f5 25.exf5 Rxf5 26.f3 h4 27.Bd3 Rf4 28.Rxf4 Nxf4 29.Ne2 Nxd3
30.cxd3 h3 31.Nd4 hxg2+ 32.Kxg2 Bd5 33.Nxb5 Rb8 34.Nc3 Rxb2+ 35.Kg3 Bc6 36.Kf4  1/2-1/2

[Event "43rd Tch-POR"]
[Site "Barreiro POR"]
[Date "2001.06.15"]
[Round "2"]
[White "Rocha,S"]
[Black "Strikovic,A"]
[Result "0-1"]
[WhiteElo "2380"]
[BlackElo "2493"]

1.e4 c5 2.Nf3 e6 3.d4 cxd4 4.Nxd4 a6 5.Nc3 Qc7 6.Be2 Nf6 7.O-O Nc6 8.Be3 b5
9.f4 b4 10.Na4 Nxe4 11.f5 Bb7 12.Bh5 g6 13.Bf3 exf5 14.g4 Ne5 15.gxf5 gxf5
16.Bg2 Rg8 17.Nf3 Nxf3+ 18.Rxf3 Qc6 19.Nb6 Nc5 20.Nxa8 Qxf3  0-1

[Event "5th Open"]
[Site "Voronezh RUS"]
[Date "2001.06.15"]
[Round "4"]
[White "Rodin,D"]
[Black "Ivanov,Vic"]
[Result "0-1"]
[WhiteElo "2413"]
[BlackElo "2451"]

1.e4 c5 2.Nf3 e6 3.d4 cxd4 4.Nxd4 a6 5.Nc3 b5 6.g3 Bb7 7.Bg2 Nf6 8.O-O b4
9.Nd5 exd5 10.exd5 Bc5 11.Re1+ Kf8 12.Bf4 d6 13.Nf5 h6 14.Qe2 Bc8 15.Ne7 Ra7
16.Nxc8 Qxc8 17.c3 bxc3 18.Rac1 Qd8 19.b4 Bxb4 20.Qc4 a5 21.a3 Bxa3 22.Rxc3 Bb4
23.Bxd6+ Bxd6 24.Qc8 Rd7 25.Bh3 g5 26.Bxd7 Kg7 27.Bf5 Bb4 28.Rd1 Qd6 29.Qc4 Bxc3
30.Qxc3 Re8 31.Qxa5 Re5 32.g4 Rxd5 33.Rxd5 Qxd5 34.Qxd5 Nxd5 35.Kg2 Kf6 36.Kg3 Ne7
37.Bd3 Ng6 38.Bb5 Ke7 39.Kf3 Nd7 40.Ke4 Nf6+  0-1

[Event "43rd Tch-POR"]
[Site "Barreiro POR"]
[Date "2001.06.17"]
[Round "4"]
[White "Morais,V"]
[Black "Strikovic,A"]
[Result "1-0"]
[WhiteElo "2128"]
[BlackElo "2493"]

1.e4 c5 2.Nf3 e6 3.d4 cxd4 4.Nxd4 a6 5.Nc3 b5 6.Bd3 Qb6 7.Nb3 Nc6 8.Be3 Qc7
9.O-O Nf6 10.Qe2 Be7 11.f4 d6 12.Rad1 Bb7 13.Kh1 h5 14.Nd4 Nxd4 15.Bxd4 h4
16.Kg1 h3 17.g3 b4 18.Nb1 e5 19.fxe5 dxe5 20.Bf2 Rh6 21.Nd2 Rg6 22.Bc4 Bc5
23.Bxf7+ Qxf7 24.Bxc5 Qc7 25.Qc4 O-O-O 26.Qxb4 Ng4 27.Nc4  1-0

[Event "White Nights"]
[Site "St Petersburg RUS"]
[Date "2001.06.17"]
[Round "9"]
[White "Geller,J"]
[Black "Kuporosov,V"]
[Result "1/2-1/2"]
[WhiteElo "2324"]
[BlackElo "2466"]

1.e4 c5 2.Nc3 e6 3.Nf3 a6 4.d4 cxd4 5.Nxd4 Qc7 6.Bd3 Nf6 7.Be3 b5 8.a3 Bb7
9.O-O Nc6 10.Kh1 h5 11.f4 Ng4 12.Bg1 g5 13.Qf3 gxf4 14.Nxc6 dxc6 15.e5 Qxe5
16.Rae1 Qc7 17.a4 O-O-O 18.Qxf4 Qxf4 19.Rxf4 Rd7 20.Ne4 Ne5 21.Be2 Ng6 22.Rf6 bxa4
23.Bc5 Bxc5 24.Nxc5 Re7 25.Nxa4  1/2-1/2

[Event "Hotel Lippa IM"]
[Site "Szentgotthard HUN"]
[Date "2001.06.21"]
[Round "9"]
[White "Zufic,M"]
[Black "Titz,Hei"]
[Result "0-1"]
[WhiteElo "2274"]
[BlackElo "2301"]

1.e4 c5 2.Nf3 e6 3.d4 cxd4 4.Nxd4 a6 5.Nc3 b5 6.Bd3 Qb6 7.Be3 Bc5 8.Qg4 Bxd4
9.e5 Nc6 10.Qxg7 Bxe5 11.Qxe5 Nxe5 12.Bxb6 Bb7 13.Bd4 Nxd3+ 14.cxd3 f6 15.Ne4 Bxe4
16.dxe4 Rc8 17.Kd2 e5 18.Be3 Ne7 19.Rac1 Kf7 20.Rhd1 d5 21.exd5 Nxd5 22.Ke2 Ke6
23.g4 Rc4 24.Rxc4 bxc4 25.Rc1 Rb8 26.Rc2 f5 27.gxf5+ Kxf5 28.Kf3 e4+ 29.Ke2 Ke5
30.Rd2 Nf4+ 31.Bxf4+ Kxf4 32.Kd1 Rb6 33.Kc2 Rh6 34.Kc3 Rxh2 35.Kxc4 Kf3 36.Kd4 e3
37.Rd3 Rh4+  0-1

[Event "43rd Tch-POR"]
[Site "Barreiro POR"]
[Date "2001.06.22"]
[Round "5"]
[White "Galego,L"]
[Black "Guerra,V"]
[Result "1-0"]
[WhiteElo "2429"]
[BlackElo "2217"]

1.e4 c5 2.Nf3 e6 3.d4 cxd4 4.Nxd4 a6 5.Nc3 Qc7 6.Be2 Nf6 7.O-O Nc6 8.Be3 Be7
9.a4 O-O 10.f4 d6 11.Kh1 Bd7 12.Qe1 Nxd4 13.Bxd4 Bc6 14.Bd3 b5 15.e5 Nd5
16.Qg3 g6 17.Ne4 dxe5 18.Bxe5 Qb7 19.Ng5 Bf6 20.axb5 axb5 21.Rae1 Bg7 22.Qh3 h6
23.Nxe6 Bxe5 24.Rxe5 fxe6 25.Qxe6+ Kh8 26.Ree1 Rae8 27.Qxg6 Rxe1 28.Qxh6+ Kg8
29.Rxe1 Rf6 30.Qg5+ Qg7 31.Bxb5 Nxf4 32.Qxg7+ Kxg7 33.Bxc6 Rxc6 34.g3 Nd5
35.Re2 Nb4 36.c3 Nd3 37.Rd2 Nc1 38.Kg2 Kg6 39.Kf3 Nb3 40.Rd5 Nc5 41.Ke3 Re6+
42.Kd4 Na4 43.b3 Nb2 44.c4  1-0

[Event "TCh-Europe Boys U18"]
[Site "Balatonlelle HUN"]
[Date "2001.06.23"]
[Round "2"]
[White "Bonnet,E1"]
[Black "Netzer,J"]
[Result "1/2-1/2"]
[WhiteElo "2182"]
[BlackElo "2043"]

1.e4 c5 2.Nf3 e6 3.d4 cxd4 4.Nxd4 a6 5.Nc3 Qc7 6.Bd3 Nc6 7.Be3 Nf6 8.O-O b5
9.Nxc6 dxc6 10.f4 e5 11.f5 Bb7 12.Qf3 Bb4 13.Nd1 Nd7 14.Qg3 Rg8 15.Qh4 h6
16.c3 Be7 17.Qf2 c5 18.Bc2 Bc6 19.Qf3 Nb6 20.b3 O-O-O 21.Nf2 c4 22.b4 Bg5
23.Rad1 Bxe3 24.Qxe3 Kb7 25.Rxd8 Rxd8 26.Rd1 Rxd1+ 27.Bxd1 f6 28.Bc2 Nd7
29.g4 Qb6 30.Qxb6+ Nxb6 31.Kg2 a5 32.a3 axb4 33.axb4 Nc8 34.Kg3 Nd6 35.h4 Kc7
36.g5 hxg5 37.hxg5 Kd8 38.Kh4 Ke7 39.gxf6+ gxf6 40.Kh5 Kf7  1/2-1/2